Countries with more than one time zone - Statistics

General Stats
  • This quiz has been taken 26 times
  • The average score is 17 of 22
Answer Stats
Number of Time Zones Answer % Correct
9 Australia
100%
6 Canada
100%
12 France
100%
11 Russia
100%
2 Spain
100%
9 United Kingdom
100%
4 Brazil
96%
11 United States
96%
4 Mexico
88%
5 Denmark
80%
2 South Africa
80%
2 Portugal
76%
2 Democratic Republic of the Congo
72%
5 New Zealand
72%
3 Indonesia
68%
2 Netherlands
68%
2 Mongolia
64%
3 Chile
60%
3 Kiribati
56%
2 Federated States of Micronesia
48%
2 Papua New Guinea
44%
2 Ecuador
36%
No matching quizzes found
Score Distribution
Percent of People with Each Score
Percentile by Number Answered
Your Score History
You have not taken this quiz